01565nam a22002297a 450000500170000000800410001702000180005804000070007604100080008308200210009110000260011224500270013826000390016530000270020436500660023152007650029765000540106270000290111694200120114599900190115795201590117620240220143057.0240216b ||||| |||| 00| 0 eng d a9789353040819 cAL aeng 223a808.51bCARA aDale Carnegie9151686 aArt of public speaking aRupa PublicationsbNew Delhic2023 axii,267.bPBc18x10cm. 2GeneralaVBI-2022b₹146.00c₹d₹195.00e25%f16/01/2024 aWritten by bestselling author Dale Carnegie, along with J. Berg Esenwein, The Art of Public Speaking lays out the important principles of creating and delivering successful speeches. Each chapter of this encouraging book will help readers hone their articulation skills and enable them to deliver an impactful speech as well. Read this book to find out how to: • Overcome stage fright and develop self-confidence. • Use different tools to get your ideas across convincingly. • Make your speech interesting. • Hold your listener’s attention. A classic work that has tremendously helped people over the years, this book not only teaches you the dos and don’ts of public speaking, it also provides you with ideas on how to write an influential speech. 2Rhetoric and anthologiesaPublic speaking9151687 aEsenwein, Berg J9151688 2ddccBK c229839d229839 00102ddc40708GENaSACPGbSACPGd2024-01-23eVidyarthi Booksg146.00l1o808.51 CARApPG024588r2025-10-06 08:44:37s2025-09-29v195.00w2024-02-16yBK